000 00633nam a2200277Ia 4500
005 20260324144251.0
008 008 260324s9999 xx 000 0 eng d
020 _a9781003070641
037 _aEBOOK
040 _aCRL
040 _beng
040 _cCRL
041 _2eng
041 _aeng
084 _qCRL
100 _aB.R. Pridham
_91218690
245 4 _aThe Arab Gulf and the Arab World
260 _bTaylor and Francis
260 _c1988
365 _a
365 _b265
856 _uhttp://www.taylorfrancis.com/books/9781003070641
942 _cEBOOK
999 _c1825104
_d1825104